FKA Twigs Discography - Statistics

General Stats
  • This quiz has been taken 69 times
    65 since last reset
  • The average score is 4 of 5
Answer Stats
Year Name Type % Correct
2019 Magdalene Album
96%
2012 EP1 EP
93%
2013 EP2 EP
91%
2014 LP1 Album
91%
2015 M3LL155X EP
73%
No matching quizzes found
Score Distribution
Percent of People with Each Score
Percentile by Number Answered
Your Score History
You have not taken this quiz since the last reset